• Poema de Almería

di Uniform Title

Records bibliografici associati: 1

001 - CONTROL NUMBER

  • control field: 27157

003 - CONTROL NUMBER IDENTIFIER

  • control field: IT-RoINE

005 - DATE AND TIME OF LATEST TRANSACTION

  • control field: 20171013061446.0

008 - FIXED-LENGTH DATA ELEMENTS

  • fixed length control field: 161024|| aca||aabn | a|a d

040 ## - CATALOGING SOURCE

  • Original cataloging agency: IT-RoINE
  • Transcribing agency: IT-RoINE

130 ## - HEADING--UNIFORM TITLE

  • Uniform title: Poema de Almería
  • General subdivision: Crítica, interpretación, etc.

670 ## - SOURCE DATA FOUND

  • Source citation: Work cat.: (IT-RoINE)0: Martínez, H. Salvador 27156, El "Poema de Almería" y la épica románica /, [1975]